000 01576cam a2200241 4500500
005 20251228073529.0
041 _afre
042 _adc
100 1 0 _aKamienny-Bockzkowski, Diana
_eauthor
245 0 0 _aL'inconscient et la langue japonaise chez Lacan
260 _c2013.
500 _a92
520 _aNous tâcherons de comprendre le propos bien connu de Lacan à propos de l’inconscient japonais et les limites de son analysabilité.La thèse de Lacan nous permet d’aller dans la zone d’influence réciproque entre Lacan et Barthes. Ainsi, l’étude des propos de Lacan sur la langue japonaise et les idéogrammes permet d’introduire l’impact de l’écriture et la lettre dans la théorie de l’inconscient des années 1970.
520 _aThe unconscious and the Japanese language in LacanWe’ll try to understand Lacan’s well known remarks about the Japanese unconscious and the limits of its analyzability. Lacan’s theses allow us to venture into the area of influence between Lacan and Roland Barthes. Thus his analysis of the Japanese language and ideograms will enable us to introduce the impact of writing and of the letter in his theory of the unconscious in the 1970’s.
690 _aécrit
690 _ainconscient
690 _alangue japonaise
690 _aJapanese language
690 _athe unconscious
690 _awriting
786 0 _nSavoirs et clinique | 16 | 1 | 2013-02-01 | p. 133-139 | 1634-3298
856 4 1 _uhttps://shs.cairn.info/revue-savoirs-et-cliniques-2013-1-page-133?lang=fr&redirect-ssocas=7080
999 _c1595402
_d1595402